00455nam a2200181 a 4500001001300000003000900013005001700022008004100039020001000080082001400090100001600104245003000120260004500150300000800195500003500203505001000238650002500248nice12345678IN_TiNIC20260116012455.0050524s1986 newa grp 000 0 eng  ac2.500a344bMAT1 aMathew, P D aChristian Law of Divorce. aNew DelhibIndian Social Institutec1986 a24p aincludes index and biblioraphy2 aIndex aChristianity and Law